000 00586nam a2200217Ia 4500
003 OSt
005 20220928135547.0
006 a|||||r|||| 00| 0
007 ta
008 220927b |||||||| |||| 00| 0 eng d
024 _a3136
037 _cTextual
040 _aSDCL
_cSDCL
_beng
041 _2eng
_aeng
082 _aX:5176:(B)p73,N73, L6
100 _aTerleckyj Nestor E Ed.
_9491532
245 0 _aHousehold production and consumption
260 _c1976
942 _hX:5176:(B)p73,N73, L6
_cTEXL
_2CC
999 _c806930
_d806930